Proyecto intercampus : vínculo arquitectónico entre finca 1 y 2 en la Universidad de Costa Rica
Guardado en:
| Autor principal: | |
|---|---|
| Otros Autores: | |
| Formato: | Desconocido |
| Lenguaje: | Spanish |
| Publicado: |
[San José, Costa Rica]
2014
|
| Materias: | |
| Etiquetas: |
Agregar Etiqueta
Sin Etiquetas, Sea el primero en etiquetar este registro!
|
MARC
| LEADER | 00000 a2200000 4500 | ||
|---|---|---|---|
| 003 | EA0106 | ||
| 005 | 20230223072836.0 | ||
| 008 | 140114s2014 cr a 000 ||spa d | ||
| 040 | |c cru CEDI | ||
| 090 | |a TFG EA-106 | ||
| 100 | |a Carvajal Brenes, Alberto |9 20167 | ||
| 245 | |a Proyecto intercampus : vínculo arquitectónico entre finca 1 y 2 en la Universidad de Costa Rica | ||
| 260 | |a [San José, Costa Rica] |c 2014 | ||
| 500 | |a Proyecto de graduación (licenciatura en arquitectura)--Universidad de Costa Rica. Facultad de Ingeniería. Escuela de Arquitectura | ||
| 501 | |a Director del Proyecto de Graduación: Arq. Omar Chavarría Abarca | ||
| 650 | |x UNIVERSIDAD DE COSTA RICA.. FINCA NO. 2 (SABANILLA, MONTES DE OCA) - PROYECTOS |x UNIVERSIDAD DE COSTA RICA.. FINCA NO. 1 - PROYECTOS |x ARQUITECTURA - DISEÑOS Y PLANOS |x ARQUITECTURA DEL PAISAJE - DISEÑOS Y PLANOS |x ZONAS PEATONALES - DISEÑO |x PUENTES PARA PEATONES - DISEÑO |9 20168 | ||
| 700 | |9 68 |a Chavarría Abarca, Omar Eliecer., 1969- |d Director del TFG | ||
| 942 | |c CEDI | ||
| 999 | |c 12928 |d 12928 | ||
